Estatísticas para Capitais mundiais mais próximas de Taipei

Clique aqui para jogar o quiz

Estatísticas Gerais

  • Esse quiz foi jogado 19 vezes
  • A pontuação média é 12 de 20

Estatísticas das Respostas

kmcapital% Correto
1722Pequim
100%
1491Seul
100%
2105Tóquio
100%
1160Manila
88%
1667Hanói
75%
3829Jakarta
75%
3237Kuala Lumpur
75%
1601Pyongyang
75%
3250Singapura
63%
2849Ulaanbaatar
63%
3611Catmandu
50%
3760Díli
50%
2308Vientiane
50%
2543Banguecoque
44%
2348Bandar Seri
Begawan
38%
2310Phnom Penh
38%
3188Thimbu
38%
3155Daca
31%
2676Naypyidaw
31%
2395Ngerulmud
25%

Distribuição das Pontuações

Percentil de Números Respondidos

Porcentagem de Pessoas com Cada Pontuação

Sua Pontuação Histórica

Você não jogou esse quiz